000 00589nam a2200205Ia 4500
008 220216s9999 xx 000 0 und d
100 _aJacob M.K
245 0 _aPreparation and evaluation of solid low protein natural rubber-Phase I
260 _bRubber Science
_c2019
300 _a294-308
650 _aDeproteinization
650 _aEnzymatic deproteinization
650 _aLow protein natural rubber
650 _aSolid deproteinized natural rubber
700 _aJoseph J
700 _aKrishnapriya V.U
700 _aSadeesh Babu P.S
700 _aVarkey J.K
942 _cJS
999 _c65549
_d65549